000 006580000a22001930004500
001 768714001
003 CO-MdFUSB
005 20170421112036.0
008 170421s2003 cr ||||| |||| 00| 0 spa d
040 _aCO-MdFUSB
_bspa
_cCO-MdFUSB
_dCO-MdFUSB
041 _aspa
100 1 _aBarahona Urtecho, Judith
_eautor
245 1 0 _aEl déficit de atención :
_bun reto para los educadores
300 _aVolumen 5, número 16, (2003), Página 14
_c27 cm.
546 _aTexto en español
650 1 4 _aTRABAJO SOCIAL CON NIÑOS
773 0 _tAlcanzando a los Niños en Riesgo
_049458
_960580
_gVolumen 5, número 16, (2003), Página 14
_qPágina 14
942 _cANA
999 _c49620
_d49620